000 01059nam a2200301 c 4500
003 BLK
005 20191218122551.0
008 180409b bul|||||r ||||||| ||bul||
010 _aKNG00142814000
020 _a978-954-92498-2-8
_bиздат.: Димитър Попов
040 _aBLK
041 _aBUL
_cBUL
072 7 _2bullib
_aН84
_xБългарска художествена литература Н
080 _aБългарска литература
_b821.163.2
_x-31
_z821.163.2-31
100 1 _aГогов, Ивайло
_eпърви автор
_9375056
139 _aГогов, Ивайло
_bГ 60
245 1 0 _aТийм билдинг
_bРоман
_cИвайло Гогов.
257 _aBGR
260 София
_bДимитър Попов
_c2010
_fСофия : БетПринт
300 _a288 с.
_c20 см
380 _aX
659 _aН
852 _aЦб 259409
856 4 _qpdf
_u
856 4 _qpdf
_u
942 _cKNG
_n0
_01
944 _aCR
_c17.05.2013
_kГеновева_Генчева
944 _aED
_c21.07.2015
_kПенка_Димитрова
999 _c136857
_d136857